Konštrukčný návrh laboratórneho zariadenia pre lisovanie rezných dostičiek

Gespeichert in:
Bibliographische Detailangaben
1. Verfasser: Lukáč, Michal (Verfasst von)
Weitere Verfasser: Križan, Peter (Betreuung Doktorarbeit)
Format: Manuskript Buch
Sprache:Slowakisch
Veröffentlicht: 2022
Schlagworte:
Online-Zugang:http://is.stuba.sk/zp/portal_zp.pl?podrobnosti=165609
Tags: Tag hinzufügen
Keine Tags, Fügen Sie das erste Tag hinzu!

MARC

LEADER 00000ntm a22000003a 4500
001 stuzp90927
003 SK-STU
005 20220611214124.5
007 ta
008 150427s2015----xo-----f-mn---000-0-slo-d
040 |a STU  |b slo 
041 0 |a slo 
100 1 |a Lukáč, Michal  |u 020070  |k Z4  |4 aut  |U SjF Strojnícka fakulta  |T SjF Ústav výrobných systémov, enviromentálnej techniky a manažment kvality  |X 82883  |U J0070  |Y 804  |7 82883 
242 0 1 |a Engineering design of laboratory equipment for pressing of cutting inserts  |y eng 
245 1 0 |a Konštrukčný návrh laboratórneho zariadenia pre lisovanie rezných dostičiek 
260 |c 2022 
650 4 |a lisovacia sila  |2 slo 
650 4 |a spekaný karbid  |2 slo 
650 4 |a recyklácia  |2 slo 
650 4 |a dimenzovanie  |2 slo 
650 4 |a rezná doštička  |2 slo 
650 4 |a lisovanie  |2 slo 
650 4 |a konštrukcia stroja  |2 slo 
650 4 |a cutting insert  |2 eng 
650 4 |a pressing  |2 eng 
650 4 |a pressing force  |2 eng 
650 4 |a sintered carbide  |2 eng 
650 4 |a recycling  |2 eng 
650 4 |a machine design  |2 eng 
650 4 |a sizing  |2 eng 
700 1 |a Križan, Peter  |u 020070  |k Z1  |4 ths  |U SjF Strojnícka fakulta  |T SjF Ústav výrobných systémov, enviromentálnej techniky a manažment kvality  |X 38318  |U J0070  |Y 804  |7 A000038318 
856 4 |u http://is.stuba.sk/zp/portal_zp.pl?podrobnosti=165609 
996 |b 284J046973  |c J* 3473/DDP  |l JJSK  |s A  |a 24  |w stuzp90927_0001